<?xml version='1.0' encoding='UTF-8'?>
  <record xmlns="http://www.loc.gov/MARC21/slim">
    <leader>00000cam a2200000 i 4500</leader>
    <controlfield tag="001">ocm15269611</controlfield>
    <controlfield tag="003">OCoLC</controlfield>
    <controlfield tag="005">20240613071541.6</controlfield>
    <controlfield tag="008">861010s1581    sz abc        001 0 lat d</controlfield>
    <datafield tag="040" ind1=" " ind2=" ">
      <subfield code="a">CGU</subfield>
      <subfield code="b">eng</subfield>
      <subfield code="e">rda</subfield>
      <subfield code="e">dcrmr</subfield>
      <subfield code="c">CGU</subfield>
      <subfield code="d">OCL</subfield>
      <subfield code="d">OCLCQ</subfield>
      <subfield code="d">OCLCG</subfield>
      <subfield code="d">OCLCQ</subfield>
      <subfield code="d">OCLCF</subfield>
      <subfield code="d">OCLCO</subfield>
      <subfield code="d">OCLCA</subfield>
      <subfield code="d">OCLCQ</subfield>
      <subfield code="d">QGJ</subfield>
      <subfield code="d">OCLCQ</subfield>
      <subfield code="d">OCLCO</subfield>
      <subfield code="d">OCLCL</subfield>
      <subfield code="d">QGJ</subfield>
    </datafield>
    <datafield tag="035" ind1=" " ind2=" ">
      <subfield code="a">(OCoLC)15269611</subfield>
    </datafield>
    <datafield tag="100" ind1="1" ind2=" ">
      <subfield code="a">Pantaleon, Heinricus,</subfield>
      <subfield code="d">1522-1595.</subfield>
      <subfield code="1">https://id.oclc.org/worldcat/entity/E39PBJqQxkWKmWXC3gWxWKmGHC</subfield>
    </datafield>
    <datafield tag="245" ind1="1" ind2="0">
      <subfield code="a">Militaris ordinis Iohannitarum, Rhodiorum, aut Melitensium equitum, rerum memorabilium terra marique, à sexcentis ferè annis pro republica christiana in Asia, Africa, &amp; Europa contra Barbaros, Saracenos, Arabes &amp; Turcas fortiter gestarum, ad praesentem vsq[ue] 1581 annum, Historia Noua libris duodecim comprehensa omnibus christianis lectu iucundissima. In honorem strenuissimi ordinis nunc primum summà diligentia conscripta &amp; in lucem aedita: /</subfield>
      <subfield code="c">Authore Henrico Pantaleone Physico Basiliensi, et Caesarij Palatij Comite.</subfield>
    </datafield>
    <datafield tag="246" ind1="3" ind2=" ">
      <subfield code="a">Militaris ordinis Iohannitarvm, Rhodiorvm, avt Melitensivm eqvitvm rerum memorabilium ... gestarum ... Historia Nova</subfield>
    </datafield>
    <datafield tag="250" ind1=" " ind2=" ">
      <subfield code="a">In honorem strenvissimi ordinis nvnc primvm summà diligentia conscripta &amp; in lucem ædita /</subfield>
      <subfield code="b">authore Henrico Pantaleone ...</subfield>
    </datafield>
    <datafield tag="264" ind1=" " ind2="1">
      <subfield code="a">Basileae :</subfield>
      <subfield code="b">[Thomas Guarinus],</subfield>
      <subfield code="c">M.D. LXXXI. [1581]</subfield>
    </datafield>
    <datafield tag="300" ind1=" " ind2=" ">
      <subfield code="a">[12], 387, [12] pages :</subfield>
      <subfield code="b">illustrations, maps, portraits ;</subfield>
      <subfield code="c">32 cm (folio)</subfield>
    </datafield>
    <datafield tag="336" ind1=" " ind2=" ">
      <subfield code="a">text</subfield>
      <subfield code="b">txt</subfield>
      <subfield code="2">rdacontent</subfield>
    </datafield>
    <datafield tag="336" ind1=" " ind2=" ">
      <subfield code="a">still image</subfield>
      <subfield code="b">sti</subfield>
      <subfield code="2">rdacontent</subfield>
    </datafield>
    <datafield tag="336" ind1=" " ind2=" ">
      <subfield code="a">cartographic image</subfield>
      <subfield code="b">cri</subfield>
      <subfield code="2">rdacontent</subfield>
    </datafield>
    <datafield tag="337" ind1=" " ind2=" ">
      <subfield code="a">unmediated</subfield>
      <subfield code="b">n</subfield>
      <subfield code="2">rdamedia</subfield>
    </datafield>
    <datafield tag="338" ind1=" " ind2=" ">
      <subfield code="a">volume</subfield>
      <subfield code="b">nc</subfield>
      <subfield code="2">rdacarrier</subfield>
    </datafield>
    <datafield tag="340" ind1=" " ind2=" ">
      <subfield code="m">folio</subfield>
      <subfield code="2">rdabf</subfield>
    </datafield>
    <datafield tag="500" ind1=" " ind2=" ">
      <subfield code="a">Publisher identified by printer's device on title page.</subfield>
    </datafield>
    <datafield tag="500" ind1=" " ind2=" ">
      <subfield code="a">Includes index.</subfield>
    </datafield>
    <datafield tag="500" ind1=" " ind2=" ">
      <subfield code="a">Signatures: : ):(⁶ a-z⁶ A-I⁶ K⁸; ):(1v, ):(6v, and K8b are blank.</subfield>
    </datafield>
    <datafield tag="510" ind1="4" ind2=" ">
      <subfield code="a">Verzeichnis der im deutschen Sprachbereich erschienenen Drucke des XVI. Jahrhunderts (VD 16),</subfield>
      <subfield code="c">P 223</subfield>
      <subfield code="u">https://gateway-bayern.de/VD16+P+223</subfield>
    </datafield>
    <datafield tag="510" ind1="4" ind2=" ">
      <subfield code="a">Soltész, Erzsébet. Catalogus librorum sedecimo saeculo impressorum, qui in Bibliotheca Nationali Hungariae Széchényiana asservantur,</subfield>
      <subfield code="c">P 59</subfield>
    </datafield>
    <datafield tag="610" ind1="2" ind2="0">
      <subfield code="a">Knights of Malta</subfield>
      <subfield code="v">Early works to 1800.</subfield>
    </datafield>
    <datafield tag="610" ind1="2" ind2="7">
      <subfield code="a">Knights of Malta</subfield>
      <subfield code="2">fast</subfield>
    </datafield>
    <datafield tag="655" ind1=" " ind2="7">
      <subfield code="a">Early works</subfield>
      <subfield code="2">fast</subfield>
    </datafield>
    <datafield tag="700" ind1="1" ind2=" ">
      <subfield code="a">Guarin, Thomas,</subfield>
      <subfield code="d">1529-1592,</subfield>
      <subfield code="e">printer.</subfield>
      <subfield code="4">prt</subfield>
      <subfield code="1">https://id.oclc.org/worldcat/entity/E39PBJmtxtvTHKCR74RDvCXDbd</subfield>
    </datafield>
    <datafield tag="752" ind1=" " ind2=" ">
      <subfield code="a">Switzerland</subfield>
      <subfield code="d">Basel,</subfield>
      <subfield code="e">publication place.</subfield>
      <subfield code="4">pup</subfield>
    </datafield>
    <datafield tag="758" ind1=" " ind2=" ">
      <subfield code="i">has work:</subfield>
      <subfield code="a">Militaris Ordinis Iohannitarvm, Rhodiorvm, avt Melitensivm Eqvitvm, rervm memorabilivm terra mariqve, à sexcentis fère annis pro republica Christiana, in Asia, Africa, et Europa contra Barbaros, Saracenos, Arabes, et Turcas fortiter gestarum, ad praesentem vsque 1581 annum, historia noua. Libris duodecim comprehensa omnibus christianis lectu iucundissima (Text)</subfield>
      <subfield code="1">https://id.oclc.org/worldcat/entity/E39PCGXkFtm4wKPmXRPFm6RqcP</subfield>
      <subfield code="4">https://id.oclc.org/worldcat/ontology/hasWork</subfield>
    </datafield>
  </record>